000 01052nam a2200253 4500
001 0000018316
005 20250329172019.0
007 ta
008 160627s1999 000 0 eng d
020 _a9589641105
040 _aCO-CtgCURN
_bspa
_ccoctgcurn
082 0 _aR658.8030
_bV15d
100 1 _aValencia Vivas, Héctor Javier.
245 1 0 _aDiccionario manual de mercadotecnia /
_cHéctor Javier Valencia Vivas.
250 _a2a ed.
260 1 _aIbague : :
_bAtlas,,
_c1999.
300 _a217 p.
500 _aIncluye indice.
505 8 _aDiccionario de mercadotecnia.--Absorcion de flete.--AcaparamientoActitud de compra.--Actitud hacia la marca.--Actividades de mercadotecnia.--Actividades de precontactos.--Administracion de mercado tecnia.--Agencias productoras comerciales.--Agencia de publicidad.--Agente intermediario mayorista
650 1 4 _aPedagogia
_vDiccionarios, enciclopedias, etc.
908 _a160627
942 _cREF
_hR658.8030
_iV15d
999 _c7396
_d7396